Strategic Competitive Analysis of Innovative Enterprises Development: Predictive Validity
Synergické modely investičných rozhodnutí v kontexte prediktívnej platnosti. Metódy prognózovania a podmienky podnikateľského prostredia. Systematizácia funkčných parametrov integrovanej manažérskej analýzy. Kľúčové zvláštnosti strategickej konkurenčnej analýzy. Ekonomický štatistický výskum inovatí...
Na minha lista:
| Autor principal: | |
|---|---|
| Outros Autores: | |
| Formato: | Capítulo de Livro |
| Idioma: | ucraniano |
| Assuntos: | |
| Tags: |
Sem tags, seja o primeiro a adicionar uma tag!
|
MARC
| LEADER | 00000naa a2200000 4500 | ||
|---|---|---|---|
| 001 | 0278421 | ||
| 005 | 20221007085921.8 | ||
| 041 | 0 | |a ukr | |
| 044 | |a UA | ||
| 245 | 1 | 0 | |a Strategic Competitive Analysis of Innovative Enterprises Development: Predictive Validity |c Lidiia Karpenko, Svitlana V. Filyppova |
| 520 | |a Synergické modely investičných rozhodnutí v kontexte prediktívnej platnosti. Metódy prognózovania a podmienky podnikateľského prostredia. Systematizácia funkčných parametrov integrovanej manažérskej analýzy. Kľúčové zvláštnosti strategickej konkurenčnej analýzy. Ekonomický štatistický výskum inovatívnej činnosti podnikov v regióne Odesa. | ||
| 610 | 2 | 0 | |a rozvoj investičný |
| 610 | 2 | 0 | |a investície |
| 610 | 2 | 0 | |a inovácia |
| 610 | 2 | 0 | |a prostredie podnikateľské |
| 610 | 2 | 0 | |a prognózovanie |
| 100 | 1 | |a Karpenko, Lidiia | |
| 700 | 1 | |a Filyppova, Svitlana V. | |